000 00478nam a2200169 i 4500
001 C2-0236745
003 PPAK
005 20180729161635.0
008 011016s1992 my |||| ||||| | may d
040 _aPPAK
_beng
_cPPAK
_erda
245 0 0 _aPertandingan koir dan lagu-lagu solo
264 1 _aAlor Setar, Kedah :
_bPerbadanan Perpustakaan Awam Kedah ,
_c1992
336 _2rdacontent
_atext
337 _2rdamedia
_aunmediated
338 _2rdacarrier
_avolume
942 _ddc
_cB
999 _c164855
_d164855